00294nam a2200121Ia 4500008004100000082001500041100002200056245004200078250000800120260002800128300000800156650000800164191201s2011 xx 000 0 und d a658.5bROE aROBBINS,Stephen P 0aEssentials of Organizational Behavior aIMP aN. delhibpearsonc2011 a327 aMBA